| 000 | 00616nam a2200193Ia 4500 | ||
|---|---|---|---|
| 001 | 3088 | ||
| 003 | GE_BSU | ||
| 008 | 181216s||||||||xx |||||||||||||| ||und|| | ||
| 040 | _cGE_BSU | ||
| 080 | _a665.63(035.5) | ||
| 245 | _aСправочник нефхимика. В двух томах. Том 1 | ||
| 245 | _cПод ред. Огородникова,С.К. Ред. В.А.Коц, Ю.К.Кузнецов, Ю.А.Левин и др. | ||
| 260 | _aЛ. | ||
| 260 | _bХимия. | ||
| 260 | _c1978. | ||
| 300 | _a496 стр. с илл. 22 см. | ||
| 653 | _aСправочник нефхимика. | ||
| 942 | _cBK | ||
| 999 |
_c37132 _d37132 |
||